000 01054nam a2200265Ia 4500
003 OSt
005 20220918110901.0
006 a|||||r|||| 00| 0
007 ta
008 220915b |||||||| |||| 00| 0 hin d
020 _a9788181438843 (hbk (set))
_c2000
024 _a15,701
037 _b273, 03/03/2014, Vani Prakashan
_cReference Collections
040 _aARTS
_cARTS
_bhin
041 _2hin
_ahin
082 _aO152,3N20x, P8.1-.4(RR)
100 _aब्रजमोहन, शकुन्तला
_910009
245 0 _aस्त्री उत्कर्ड्ढ ग्रन्थावली
246 _aStrī utkarḍḍha granthāvalī
260 _aनई दिल्ली
_bवाणी प्रकाशन भारत
_c2008
490 _vखण्ड 1
650 _aहिन्दी साहित्य
942 _hO152,3N20x, P8.1-.4(RR)
_cREF
999 _c115502
_d115502